000 00536 a2200193 4500
001 60998
005 20260407155901.0
008 260407a1972 arg spa d
003 AR-UNSa-BCEJYS
040 _aAR-UNSa-BCEJYS
_bspa
_cAR-UNSa-BCEJYS
080 _a342.9
_xDerecho Administrativo
245 1 0 _aDerecho administrativo
_pParte General
264 1 _aBuenos Aires :
_bEdiciones Depalma
_c1972
300 _a916 p.
_c23 cm.
041 _aspa
942 _cBK
590 _aniveau_biblio:m niveau_hierar:0
100 1 _aCanasi, José
999 _c7184
_d7184